[Event "Toronto Closed"]
[Site "Toronto CAN"]
[Date "1981.03.09"]
[Round "9"]
[White "Hergott, Deen"]
[Black "Lavin, David"]
[Result "0-1"]
[WhiteElo "2195"]
[BlackElo "2198"]
[PlyCount "80"]
[EventDate "1981.02.07"]
[EventType "tourn"]
[EventRounds "11"]
[EventCountry "CAN"]

1. e4 c5 2. b4 cxb4 3. a3 d5 4. exd5 Qxd5 5. Bb2 e5 6. axb4 Bxb4 7. Na3 Nc6 8.
Nb5 Qd8 9. Nf3 Bg4 10. Be2 Bxf3 11. Bxf3 Nf6 12. Nxa7 Nxa7 13. Bxb7 Rb8 14.
Rxa7 Qb6 15. Qa1 Bc5 16. Qa4+ Nd7 17. Bxe5 Bxf2+ 18. Ke2 Qxa7 19. Qxa7 Bxa7 20.
Bxb8 Bxb8 21. d4 Kd8 22. c4 Kc7 23. Bd5 Ba7 24. Kd3 Nf6 25. Ra1 Bb6 26. Bxf7
Rd8 27. d5 Nd7 28. Re1 Nc5+ 29. Kc2 Rf8 30. Bh5 Rf2+ 31. Re2 Rxe2+ 32. Bxe2 Ba5
33. Bg4 Kd6 34. Bf5 h6 35. Bg4 Ke5 36. Be2 Kd4 37. h3 g6 38. Kd1 Ne4 39. Kc2
Nd2 40. Bd3 g5 0-1

[Event "Toronto Closed"]
[Site "Toronto CAN"]
[Date "1981.03.12"]
[Round "10"]
[White "Stoll, Drew"]
[Black "Hergott, Deen"]
[Result "0-1"]
[WhiteElo "2156"]
[BlackElo "2145"]
[PlyCount "60"]
[EventDate "1981.02.07"]
[EventType "tourn"]
[EventRounds "11"]
[EventCountry "CAN"]

1. d4 d5 2. c4 dxc4 3. Nf3 Nf6 4. e3 Bg4 5. Bxc4 e6 6. Nbd2 Nbd7 7. h3 Bh5 8.
O-O a6 9. b3 c5 10. Bb2 cxd4 11. exd4 Bd6 12. Be2 Nb6 13. Ne5 Bxe2 14. Qxe2 O-O
15. Rac1 Nbd5 16. Ndc4 Rc8 17. g3 Bb8 18. Ba3 Re8 19. Bb2 b5 20. Ne3 Qb6 21.
Qf3 Nxe3 22. fxe3 Rxc1 23. Bxc1 Rc8 24. Nd7 Qd6 25. Nxb8 Qxb8 26. g4 Rc2 27.
Qf4 Qb7 28. d5 Nxd5 29. Qd4 Qc7 30. Rf2 Qg3+ 0-1

[Event "Toronto Closed"]
[Site "Toronto CAN"]
[Date "1981.03.15"]
[Round "11"]
[White "Hergott, Deen"]
[Black "Stone, Raymond"]
[Result "1-0"]
[WhiteElo "2195"]
[BlackElo "2359"]
[PlyCount "35"]
[EventDate "1981.02.07"]
[EventType "tourn"]
[EventRounds "11"]
[EventCountry "CAN"]

1. d4 Nf6 2. c4 c5 3. d5 e6 4. Nc3 exd5 5. cxd5 d6 6. e4 g6 7. f4 Bg7 8. Bb5+
Nfd7 9. a4 O-O 10. Nf3 a6 11. Be2 Nf6 12. O-O Bg4 13. e5 Ne8 14. e6 Bxf3 15.
Bxf3 fxe6 16. dxe6 Nc6 17. Qb3 Na5 18. e7+ 1-0

[Event "CAN-ch U20 1980-81"]
[Site "Edmonton CAN"]
[Date "1980.12.26"]
[Round "1"]
[White "Hergott, Deen"]
[Black "Woodley, James"]
[Result "1-0"]
[WhiteElo "2105"]
[BlackElo "1850"]
[PlyCount "47"]
[EventDate "1980.12.26"]
[EventType "tourn"]
[EventRounds "11"]
[EventCountry "CAN"]

1. e4 c5 2. Nf3 Nc6 3. d4 cxd4 4. Nxd4 Nf6 5. Nc3 d6 6. Bc4 e6 7. Be3 Be7 8.
Qe2 a6 9. O-O-O Qc7 10. Bb3 O-O 11. g4 Nd7 12. Rhg1 Nc5 13. g5 b5 14. Qh5 b4
15. Nxc6 Qxc6 16. Bd5 exd5 17. Nxd5 Qb7 18. Nf6+ Bxf6 19. gxf6 Qxe4 20. Rd4 Qf5
21. Qh6 Ne6 22. Rxg7+ Kh8 23. Rh4 b3 24. Qxh7+ 1-0

[Event "CAN-ch U20 1980-81"]
[Site "Edmonton CAN"]
[Date "1980.12.27"]
[Round "2"]
[White "Kuznecov, Alex"]
[Black "Hergott, Deen"]
[Result "1-0"]
[WhiteElo "2055"]
[BlackElo "2105"]
[PlyCount "119"]
[EventDate "1980.12.26"]
[EventType "tourn"]
[EventRounds "11"]
[EventCountry "CAN"]

1. e4 e6 2. d4 b6 3. c4 Bb7 4. Nc3 Bb4 5. Qc2 Qh4 6. d5 f5 7. exf5 exd5 8. g3
Qe7+ 9. Qe2 d4 10. a3 Bxc3+ 11. bxc3 Bxh1 12. f3 Nc6 13. Kf2 Qxe2+ 14. Nxe2
dxc3 15. Bf4 Nge7 16. Bh3 Bxf3 17. Kxf3 O-O 18. Bxc7 Nxf5 19. Nxc3 Nh4+ 20. Ke4
Rae8+ 21. Kd5 Ne7+ 22. Kd6 Nef5+ 23. Kxd7 Re7+ 24. Kc6 Nf3 25. Nd5 N3d4+ 26.
Kb7 Ref7 27. Bxf5 Nxf5 28. Kxa7 Nd6 29. Rc1 Nc8+ 30. Kb7 Rf3 31. Ra1 Rf2 32.
Nxb6 Nxb6 33. Kxb6 Rb2+ 34. Kc6 Rf6+ 35. Bd6 Rxh2 36. a4 Re2 37. a5 Re8 38. c5
Rf7 39. Kb6 Rf3 40. a6 Rb3+ 41. Kc6 Kf7 42. Kd7 Ra8 43. c6 Ra7+ 44. c7 Rc3 45.
Ra5 g6 46. Rc5 Rd3 47. Rc6 Rd1 48. Kd8 Re1 49. Bc5 Ra8+ 50. c8=Q Re8+ 51. Kd7
Rexc8 52. Rxc8 Rxa6 53. Rf8+ Kg7 54. Ke7 Ra4 55. Rf7+ Kh6 56. Be3+ Kh5 57.
Rxh7+ Kg4 58. Rh4+ Kf3 59. Rxa4 Kxe3 60. Kf6 1-0

[Event "CAN-ch U20 1980-81"]
[Site "Edmonton CAN"]
[Date "1980.12.28"]
[Round "3"]
[White "Hergott, Deen"]
[Black "Hamilton, Robert"]
[Result "1/2-1/2"]
[WhiteElo "2105"]
[BlackElo "1962"]
[PlyCount "84"]
[EventDate "1980.12.26"]
[EventType "tourn"]
[EventRounds "11"]
[EventCountry "CAN"]

1. c4 e6 2. Nc3 c5 3. Nf3 Nc6 4. g3 d5 5. cxd5 exd5 6. d4 cxd4 7. Nxd4 Nf6 8.
Bg2 Be7 9. O-O O-O 10. Be3 Ne5 11. Qb3 Nc4 12. Bg5 Na5 13. Qd1 Nc6 14. Nb3 d4
15. Bxf6 Bxf6 16. Nd5 Be5 17. Nc5 Ne7 18. Nxe7+ Qxe7 19. Rc1 Rd8 20. Qd3 Bd6
21. Qxd4 Bxg3 22. Qe4 Be5 23. Rfd1 Bh3 24. Nxb7 Rxd1+ 25. Rxd1 Rb8 26. f4 Bxg2
27. Kxg2 Bf6 28. Qxe7 Bxe7 29. Rd7 Kf8 30. b3 Ke8 31. Rc7 Bb4 32. Nc5 Ba5 33.
Rc6 Bb6 34. Nd3 f6 35. Kf3 Kd7 36. Rc4 Re8 37. e4 h5 38. h3 Re6 39. Nc5+ Bxc5
40. Rxc5 Ra6 41. a4 Rb6 42. Rc3 a6 1/2-1/2

[Event "CAN-ch U20 1980-81"]
[Site "Edmonton CAN"]
[Date "1980.12.28"]
[Round "4"]
[White "Hawkes, Rob"]
[Black "Hergott, Deen"]
[Result "1-0"]
[WhiteElo "2143"]
[BlackElo "2105"]
[PlyCount "75"]
[EventDate "1980.12.26"]
[EventType "tourn"]
[EventRounds "11"]
[EventCountry "CAN"]

1. e4 e5 2. Nc3 Nf6 3. g3 d5 4. exd5 Nxd5 5. Bg2 Nxc3 6. bxc3 Bd6 7. Ne2 O-O 8.
O-O c6 9. Rb1 Qc7 10. c4 Bg4 11. d3 Nd7 12. h3 Bxe2 13. Qxe2 f5 14. Bd2 Rae8
15. Bb4 Nc5 16. Kh1 Re7 17. Qd2 f4 18. Bxc5 Bxc5 19. Qe2 Qd7 20. Qf3 fxg3 21.
Qxg3 Qd4 22. Be4 Ref7 23. f3 Qd8 24. Qxe5 Qh4 25. Kg2 Bb6 26. Qg3 Qh6 27. Kh1
Bc7 28. Qg2 Be5 29. Rfd1 Rf4 30. d4 Bb8 31. Rxb7 Rh4 32. Bf5 Rxf5 33. Rxb8+ Kf7
34. Rb7+ Kf6 35. f4 Rxh3+ 36. Kg1 Qxf4 37. Qxg7+ Ke6 38. Qe7# 1-0

[Event "CAN-ch U20 1980-81"]
[Site "Edmonton CAN"]
[Date "1980.12.29"]
[Round "5"]
[White "Hergott, Deen"]
[Black "Graham, Robert"]
[Result "1-0"]
[WhiteElo "2105"]
[BlackElo "1994"]
[PlyCount "75"]
[EventDate "1980.12.26"]
[EventType "tourn"]
[EventRounds "11"]
[EventCountry "CAN"]

1. e4 e6 2. d4 d5 3. Nd2 Nc6 4. Ngf3 g6 5. c3 Bg7 6. Bd3 Nge7 7. O-O O-O 8. Re1
e5 9. dxe5 Bg4 10. Qb3 d4 11. cxd4 Nxd4 12. Nxd4 Qxd4 13. h3 Be6 14. Nf3 Qd7
15. Bc4 Bxc4 16. Qxc4 Nc6 17. Bf4 Rfe8 18. Rad1 Qe7 19. Rd5 h6 20. Red1 Rad8
21. a3 Rxd5 22. Rxd5 Nd8 23. Qd3 Ne6 24. Be3 Rd8 25. g3 b6 26. Kg2 Bf8 27. Qd2
c6 28. Rxd8 Nxd8 29. Bxh6 Ne6 30. Bxf8 Qxf8 31. Qd7 Qa8 32. Nh2 c5 33. f3 a5
34. Ng4 Qa6 35. Qd2 Nd4 36. Nf6+ Kg7 37. Ng4 Qc4 38. Qh6+ 1-0

[Event "CAN-ch U20 1980-81"]
[Site "Edmonton CAN"]
[Date "1980.12.30"]
[Round "6"]
[White "Patsula, Peter"]
[Black "Hergott, Deen"]
[Result "0-1"]
[WhiteElo "1852"]
[BlackElo "2105"]
[PlyCount "30"]
[EventDate "1980.12.26"]
[EventType "tourn"]
[EventRounds "11"]
[EventCountry "CAN"]

1. e4 c5 2. Nc3 Nc6 3. g3 g6 4. Bg2 Bg7 5. d3 d6 6. f4 f5 7. Nf3 Nh6 8. e5 dxe5
9. Nxe5 Nxe5 10. fxe5 Ng4 11. e6 Bxe6 12. Bxb7 Rb8 13. Qe2 Rxb7 14. Qxe6 Rb6
15. Qd5 Bxc3+ 0-1

[Event "CAN-ch U20 1980-81"]
[Site "Edmonton CAN"]
[Date "1980.12.31"]
[Round "7"]
[White "Hergott, Deen"]
[Black "Bogle, Bill"]
[Result "1-0"]
[WhiteElo "2105"]
[BlackElo "2009"]
[PlyCount "81"]
[EventDate "1980.12.26"]
[EventType "tourn"]
[EventRounds "11"]
[EventCountry "CAN"]

1. e4 e5 2. Nf3 Nc6 3. Nc3 Nf6 4. d4 exd4 5. Nd5 Be7 6. Nxd4 Nxd5 7. exd5 Nxd4
8. Qxd4 O-O 9. c3 Re8 10. Be3 Bf6 11. Qd2 d6 12. Bd3 Bg4 13. O-O Qd7 14. Qc2 h5
15. Rae1 h4 16. f3 Bh5 17. Bf5 Qb5 18. Be4 Bg6 19. Rf2 Bxe4 20. fxe4 Qc4 21.
Rxf6 gxf6 22. Bd4 Re5 23. Qf2 Qd3 24. Qxf6 Qd2 25. Rf1 Rf8 26. h3 Qg5 27. Bxe5
Qxe5 28. Qxe5 dxe5 29. Rf5 f6 30. Rh5 Kg7 31. Kf2 Kg6 32. Rxh4 Rd8 33. Rg4+ Kh6
34. c4 b5 35. cxb5 Rb8 36. a4 a6 37. Rg3 axb5 38. Rb3 b4 39. Ke2 Kg5 40. Rg3+
Kf4 41. Rg4# 1-0

[Event "CAN-ch U20 1980-81"]
[Site "Edmonton CAN"]
[Date "1981.01.01"]
[Round "8"]
[White "Filipovich, David"]
[Black "Hergott, Deen"]
[Result "1-0"]
[WhiteElo "2226"]
[BlackElo "2105"]
[PlyCount "67"]
[EventDate "1980.12.26"]
[EventType "tourn"]
[EventRounds "11"]
[EventCountry "CAN"]

1. d4 Nf6 2. c4 e6 3. Nf3 b6 4. Bf4 Bb7 5. e3 Bb4+ 6. Nbd2 O-O 7. Bd3 d6 8. O-O
Bxd2 9. Nxd2 e5 10. Bg5 Nbd7 11. Qc2 Qe8 12. f3 h6 13. Bh4 Kh8 14. Bf2 c5 15.
d5 Ng8 16. f4 g6 17. f5 Kg7 18. Ne4 Qe7 19. Ng3 Qe8 20. Ne4 Qe7 21. Nc3 g5 22.
g4 Ngf6 23. h3 Rh8 24. e4 Ne8 25. Be2 f6 26. Be3 Kf7 27. Kf2 Nc7 28. Rh1 Kg7
29. h4 Kf7 30. Rh3 Kg7 31. Rah1 Raf8 32. Qc1 Rfg8 33. R1h2 Qd8 34. Qh1 1-0

[Event "CAN-ch U20 1980-81"]
[Site "Edmonton CAN"]
[Date "1981.01.02"]
[Round "9"]
[White "Hergott, Deen"]
[Black "Gnam, William"]
[Result "1-0"]
[WhiteElo "2105"]
[BlackElo "1999"]
[PlyCount "49"]
[EventDate "1980.12.26"]
[EventType "tourn"]
[EventRounds "11"]
[EventCountry "CAN"]

1. e4 c5 2. Nf3 d6 3. d4 cxd4 4. Nxd4 Nf6 5. Nc3 g6 6. Be3 Bg7 7. Bc4 Nc6 8. f3
O-O 9. Qd2 Bd7 10. O-O-O Qb8 11. Bb3 Rc8 12. h4 Ne5 13. Bh6 Bh8 14. h5 Nc4 15.
hxg6 hxg6 16. Qg5 Rc5 17. Qh4 Rh5 18. Qf2 b5 19. g4 Rxh1 20. Rxh1 Qb6 21. Bxc4
bxc4 22. Be3 Rb8 23. Nd1 Ne8 24. Qh4 Bxd4 25. Qh7+ 1-0

[Event "CAN-ch U20 1980-81"]
[Site "Edmonton CAN"]
[Date "1981.01.03"]
[Round "10"]
[White "Robichaud, Louis"]
[Black "Hergott, Deen"]
[Result "0-1"]
[WhiteElo "1794"]
[BlackElo "2105"]
[PlyCount "64"]
[EventDate "1980.12.26"]
[EventType "tourn"]
[EventRounds "11"]
[EventCountry "CAN"]

1. e4 c5 2. Nf3 Nc6 3. d4 cxd4 4. Nxd4 Nf6 5. Nc3 e5 6. Ndb5 d6 7. Bg5 a6 8.
Na3 b5 9. Nd5 Be7 10. Bxf6 Bxf6 11. c3 O-O 12. Nc2 Bg5 13. Nce3 Ne7 14. Bd3
Bxe3 15. Nxe3 f5 16. exf5 d5 17. Qb3 Kh8 18. O-O Bb7 19. Rfd1 Qb6 20. a4 e4 21.
Bf1 Nxf5 22. Nxd5 Bxd5 23. Qxd5 e3 24. fxe3 Rad8 25. Qb3 Nxe3 26. Rxd8 Rxd8 27.
Kh1 Ng4 28. h3 Nf2+ 29. Kh2 Qb8+ 30. Kg1 Nxh3+ 31. Kh1 Nf2+ 32. Kg1 Ng4 0-1

[Event "CAN-ch U20 1980-81"]
[Site "Edmonton CAN"]
[Date "1981.01.04"]
[Round "11"]
[White "Hergott, Deen"]
[Black "Ross, Paul"]
[Result "1/2-1/2"]
[WhiteElo "2105"]
[BlackElo "2013"]
[PlyCount "60"]
[EventDate "1980.12.26"]
[EventType "tourn"]
[EventRounds "11"]
[EventCountry "CAN"]

1. c4 Nf6 2. Nc3 g6 3. e4 d6 4. d4 Bg7 5. Nf3 O-O 6. Be2 e5 7. O-O Nc6 8. d5
Ne7 9. b4 a5 10. bxa5 Rxa5 11. Nd2 Nd7 12. Nb3 Ra8 13. Be3 b6 14. a4 f5 15. f3
Nf6 16. a5 bxa5 17. Nxa5 c5 18. Nc6 Rxa1 19. Qxa1 Nxc6 20. dxc6 fxe4 21. fxe4
Be6 22. Bg5 Qe8 23. Qa6 h6 24. Bxf6 Bxf6 25. Nd5 Bxd5 26. cxd5 Bd8 27. Rxf8+
Qxf8 28. Qc8 Qe7 29. Bg4 Kg7 30. Kf1 h5 1/2-1/2

[Event "Ontario-ch U20"]
[Site "Kitchener CAN"]
[Date "1980.11.14"]
[Round "?"]
[White "Hergott, Deen"]
[Black "Filipovich, David"]
[Result "1/2-1/2"]
[WhiteElo "2087"]
[BlackElo "2202"]
[PlyCount "80"]
[EventDate "1980.11.14"]
[EventType "swiss"]
[EventRounds "5"]
[EventCountry "CAN"]

1. e4 e6 2. d4 d5 3. Nd2 Nf6 4. e5 Nfd7 5. Bd3 c5 6. c3 Nc6 7. Ngf3 Qb6 8. O-O
cxd4 9. cxd4 Nxd4 10. Nxd4 Qxd4 11. Nf3 Qb6 12. Qa4 Qb4 13. Qc2 h6 14. Bd2 Qb6
15. Rac1 Be7 16. Qa4 Qd8 17. Qg4 Kf8 18. Rfe1 Nc5 19. Bb1 Bd7 20. Nd4 Rc8 21.
Rc3 h5 22. Qf4 Qe8 23. h4 Kg8 24. Rg3 Qd8 25. Nf3 Be8 26. Ng5 Na4 27. Ree3 Rc4
28. Nxe6 g5 29. Qxc4 fxe6 30. Qc2 g4 31. b3 Nc5 32. Bb4 b6 33. Re1 Bxh4 34.
Rge3 Ne4 35. g3 Bg5 36. Rxe4 dxe4 37. Qxe4 Qd5 38. Qxd5 exd5 39. Bc3 Rh6 40. e6
Bf6 1/2-1/2

[Event "Ontario-ch U20"]
[Site "Kitchener CAN"]
[Date "1980.11.14"]
[Round "?"]
[White "Murray, Robert"]
[Black "Hergott, Deen"]
[Result "0-1"]
[WhiteElo "1961"]
[BlackElo "2087"]
[PlyCount "86"]
[EventDate "1980.11.14"]
[EventType "swiss"]
[EventRounds "5"]
[EventCountry "CAN"]

1. e4 e6 2. d4 d5 3. Nc3 Nf6 4. Bg5 Bb4 5. e5 h6 6. Bd2 Bxc3 7. bxc3 Ne4 8. Qg4
g6 9. Bd3 Nxd2 10. Kxd2 c5 11. h4 Nc6 12. Rh3 Qa5 13. Bxg6 Nxd4 14. Rg3 Rf8 15.
Bh7 Bd7 16. Qf4 O-O-O 17. Kd1 Nb5 18. Ne2 d4 19. c4 Na3 20. Bd3 b5 21. cxb5 c4
22. Be4 Bxb5 23. Qd2 Qa4 24. Kc1 c3 25. Nxc3 dxc3 26. Qxc3+ Kb8 27. Qxa3 Qxe4
28. Rb3 Qe1+ 29. Kb2 Qxe5+ 30. Rc3 Rc8 31. Rb1 Rfd8 32. Qb4 Ka8 33. f4 Qxc3+
34. Qxc3 Rxc3 35. Kxc3 Ba4 36. g4 Rc8+ 37. Kd4 Rxc2 38. Ke5 Rh2 39. h5 Rg2 40.
Rc1 Kb7 41. g5 hxg5 42. Rh1 gxf4 43. h6 Bc2 0-1

[Event "Ontario-ch U20"]
[Site "Toronto CAN"]
[Date "1979.10.20"]
[Round "2"]
[White "Hergott, Deen"]
[Black "Pacey, Kevin"]
[Result "0-1"]
[WhiteElo "1747"]
[BlackElo "1994"]
[PlyCount "76"]
[EventDate "1979.10.19"]
[EventType "swiss"]
[EventRounds "5"]
[EventCountry "CAN"]

1. e4 g6 2. d4 d6 3. Nc3 Bg7 4. Be3 a6 5. h3 b5 6. a3 Bb7 7. Bd3 Nd7 8. f4 c5
9. Nf3 cxd4 10. Bxd4 e5 11. fxe5 dxe5 12. Be3 Ngf6 13. O-O O-O 14. Qe1 Nh5 15.
Rd1 Nf4 16. Qh4 Qxh4 17. Nxh4 Nxd3 18. cxd3 Rac8 19. d4 exd4 20. Bxd4 Ne5 21.
Nf3 Nc4 22. Bxg7 Kxg7 23. Rd7 Bc6 24. Ra7 Ra8 25. Rxa8 Bxa8 26. Rf2 Re8 27. Re2
Nd6 28. Nd2 Bc6 29. Kf2 a5 30. b4 axb4 31. axb4 Kf6 32. g4 Ke5 33. Kf3 Kd4 34.
Nd1 Nxe4 35. Nb3+ Kd3 36. Re3+ Kc2 37. Nd4+ Kxd1 38. Rd3+ Nd2+ 0-1

[Event "Summer Special"]
[Site "Toronto CAN"]
[Date "1979.08.08"]
[Round "5"]
[White "Brodie, Hugh"]
[Black "Hergott, Deen"]
[Result "1/2-1/2"]
[WhiteElo "1777"]
[BlackElo "1747"]
[PlyCount "82"]
[EventDate "1979.08.04"]
[EventType "swiss"]
[EventRounds "9"]
[EventCountry "CAN"]

1. f4 c5 2. Nf3 g6 3. e4 Nc6 4. Nc3 d6 5. Bc4 Bg7 6. O-O e6 7. d3 Nge7 8. a3 a6
9. Qe1 b5 10. Bb3 O-O 11. Qh4 Nd4 12. Nxd4 Bxd4+ 13. Kh1 Bb7 14. Ne2 Bg7 15. c3
d5 16. Ng3 Nf5 17. Nxf5 exf5 18. Qxd8 Raxd8 19. e5 c4 20. dxc4 dxc4 21. Bc2 h5
22. Be3 Rd7 23. Rad1 Rfd8 24. Rxd7 Rxd7 25. Rd1 Rxd1+ 26. Bxd1 f6 27. exf6 Bxf6
28. Kg1 Kf7 29. Kf2 Ke6 30. g3 Be4 31. Bb6 Kd5 32. Ke3 Kc6 33. Bd4 Be7 34. a4
Bd6 35. axb5+ axb5 36. b3 Bd5 37. bxc4 Bxc4 38. Bf3+ Bd5 39. Be2 Bc4 40. Bd1
Ba3 41. Kd2 Be7 1/2-1/2

[Event "Toronto Closed"]
[Site "Toronto CAN"]
[Date "1987.02.19"]
[Round "4"]
[White "Veltmann, Martin"]
[Black "Hergott, Deen"]
[Result "0-1"]
[WhiteElo "2149"]
[BlackElo "2453"]
[PlyCount "89"]
[EventDate "1987.02.08"]
[EventType "tourn"]
[EventRounds "11"]
[EventCountry "CAN"]

1. c4 e6 2. Nf3 Nf6 3. Nc3 d5 4. cxd5 exd5 5. d4 c6 6. Bg5 Be7 7. e3 Bf5 8. Bd3
Bxd3 9. Qxd3 Nbd7 10. O-O O-O 11. a3 a5 12. h3 Ne4 13. Bf4 Re8 14. Ne5 Nxe5 15.
Bxe5 Bd6 16. Bxd6 Qxd6 17. Nxe4 dxe4 18. Qc4 a4 19. b4 axb3 20. Qxb3 Ra5 21.
Qb4 Qxb4 22. axb4 Rb5 23. Ra4 h5 24. g3 h4 25. Rc1 hxg3 26. fxg3 Rd8 27. Kg2
Rf5 28. Rf1 Rxf1 29. Kxf1 Rd5 30. g4 Kf8 31. Kf2 g5 32. Ra5 Ke7 33. Kg3 Ke6 34.
Rc5 Rxc5 35. bxc5 Kd5 36. h4 gxh4+ 37. Kxh4 Kc4 38. Kg3 Kd3 39. Kf4 f6 40. Kf5
Kxe3 41. Kxf6 Kxd4 42. g5 e3 43. g6 e2 44. g7 e1=Q 45. g8=Q 0-1

[Event "Eastern Ontario op"]
[Site "Ottawa CAN"]
[Date "1984.08.25"]
[Round "2"]
[White "Veltmann, Martin"]
[Black "Hergott, Deen"]
[Result "0-1"]
[WhiteElo "2234"]
[BlackElo "2342"]
[PlyCount "80"]
[EventDate "1984.08.25"]
[EventType "swiss"]
[EventRounds "5"]
[EventCountry "CAN"]

1. c4 Nc6 2. Nc3 e5 3. g3 d6 4. Bg2 Be6 5. d3 Qd7 6. Nf3 Bh3 7. O-O Bxg2 8.
Kxg2 g6 9. d4 exd4 10. Nxd4 Bg7 11. Be3 Nf6 12. f3 O-O 13. Bg1 Ne5 14. b3 Rfe8
15. e4 a6 16. Qd2 b5 17. cxb5 axb5 18. Ndxb5 Nxf3 19. Rxf3 Nxe4 20. Nxe4 Bxa1
21. Nbc3 Bxc3 22. Nxc3 Re5 23. Bd4 Rf5 24. Rxf5 Qxf5 25. a4 c5 26. Bf2 Qe6 27.
Qd1 Rb8 28. Nb5 c4 29. bxc4 Qxc4 30. Qd4 Qc6+ 31. Kh3 Qd7+ 32. Qg4 Qc6 33. Qf4
Ra8 34. Bd4 Qc8+ 35. Kh4 Qe6 36. Bf6 Qe2 37. Kh3 Rxa4 38. Qxa4 Qf1+ 39. Kg4
Qf5+ 40. Kh4 Qh5# 0-1